[Event "WSTCC-50 2024"]
[Site "Krakow"]
[Date "2024.07.10"]
[Round "8.7"]
[White "Barron, Michael"]
[Black "Santanna, Paulo"]
[Result "1-0"]
[WhiteElo "2046"]
[BlackElo "2020"]
[Annotator "NA RC"]
[PlyCount "57"]
[EventDate "2024.07.01"]
[EventType "team-tourn"]
[EventCountry "POL"]
[SourceTitle "playchess.com"]
[Source "ChessBase"]
[SourceQuality "1"]

1. e4 c5 2. Nf3 a6 3. c4 Nc6 4. d4 cxd4 5. Nxd4 e5 6. Nc2 Nf6 7. Nc3 Bc5 8. Be3 d6 9. Be2 O-O 10. O-O Be6 11. Qd3 Rc8 12. Nd5 Bxd5 13. cxd5 Nb4 14. Nxb4 Bxb4 15. Rac1 Bc5 16. Bxc5 dxc5 17. Qe3 Qa5 18. a3 Rfd8 19. Rc3 b5 20. Rfc1 c4 21. b3 Qxa3 22. bxc4 Qa4 23. f3 bxc4 24. Rxc4 Rxc4 25. Rxc4 Qa5 26. Kf2 Nh5 27. Rc6 Qa1 28. Rxa6 Nf4 29. Rxa1 1-0

[Event "WSTCC-50 2024"]
[Site "Krakow"]
[Date "2024.07.10"]
[Round "8.7"]
[White "Metcalfe, Allister"]
[Black "Fox, Anthony"]
[Result "0-1"]
[WhiteElo "1889"]
[BlackElo "1909"]
[Annotator "NA RC"]
[PlyCount "116"]
[EventDate "2024.07.01"]
[EventType "team-tourn"]
[EventCountry "POL"]
[SourceTitle "playchess.com"]
[Source "ChessBase"]
[SourceQuality "1"]

1. c4 e6 2. e4 d5 3. cxd5 exd5 4. exd5 Nf6 5. Bb5+ Nbd7 6. Nc3 Be7 7. Nf3 O-O 8. d4 Nb6 9. O-O Nbxd5 10. h3 c6 11. Bd3 h6 12. Re1 Bb4 13. Bd2 Bd6 14. Ne5 Be6 15. f4 Qb6 16. Nxd5 Bxd5 17. Bc3 Rad8 18. Qd2 Qc7 19. Bb4 Bxb4 20. Qxb4 Rfe8 21. Re3 Be6 22. Rf3 Qb6 23. Qxb6 axb6 24. f5 Bd5 25. Rff1 b5 26. Bc2 c5 27. Nf3 Bxf3 28. Rxf3 Rxd4 29. Rf2 Re3 30. a4 b4 31. b3 Nd5 32. a5 Nc3 33. Kh2 Rd6 34. f6 g6 35. Rc1 Ra6 36. Rd2 Rxf6 37. Ra1 Re2 38. Rxe2 Nxe2 39. Bd3 Nc3 40. a6 bxa6 41. Bxa6 h5 42. Bc4 h4 43. Re1 Kf8 44. Re3 Rf4 45. Re1 Re4 46. Rf1 f5 47. Rf2 Ke7 48. Rf1 Kf6 49. Ra1 Re7 50. Ra6+ Kg5 51. Rc6 Ne4 52. Kg1 Rd7 53. Kf1 Nd2+ 54. Kf2 Nxc4 55. bxc4 Rb7 56. Rd6 b3 57. Rd1 b2 58. Rb1 Kf4 0-1

[Event "WSTCC-50 2024"]
[Site "Krakow"]
[Date "2024.07.10"]
[Round "8.8"]
[White "Thorhallsson, Throstur"]
[Black "Kantorik, Marian"]
[Result "1-0"]
[WhiteElo "2385"]
[BlackElo "2198"]
[Annotator "TA"]
[PlyCount "57"]
[EventDate "2024.07.01"]
[EventType "team-tourn"]
[EventCountry "POL"]
[SourceTitle "playchess.com"]
[Source "ChessBase"]
[SourceQuality "1"]

1. e4 c5 2. Nf3 e6 3. d4 cxd4 4. Nxd4 Nc6 5. Nc3 Qc7 6. Be3 a6 7. a3 Nf6 8. Be2 b5 9. Nxc6 dxc6 10. f4 b4 11. axb4 Bxb4 12. O-O Bxc3 13. bxc3 c5 14. e5 Nd5 15. Bd2 O-O 16. c4 Nb4 17. c3 Nc6 18. Be3 Ne7 19. Qd6 Qxd6 20. exd6 Nc6 21. Bxc5 Bd7 22. Bb6 a5 23. c5 a4 24. Bb5 a3 25. Rfb1 e5 26. Rb3 exf4 27. Rbxa3 Rac8 28. Ra7 Bf5 29. Bxc6 1-0

[Event "WSTCC-50 2024"]
[Site "Krakow"]
[Date "2024.07.10"]
[Round "8.8"]
[White "O`Dwyer, Fergal"]
[Black "Schutte, Andre"]
[Result "1-0"]
[WhiteElo "1935"]
[BlackElo "1817"]
[Annotator "NA RC"]
[PlyCount "71"]
[EventDate "2024.07.01"]
[EventType "team-tourn"]
[EventCountry "POL"]
[SourceTitle "playchess.com"]
[Source "ChessBase"]
[SourceQuality "1"]

1. e4 c6 2. d4 d5 3. exd5 cxd5 4. Bd3 Nc6 5. c3 Nf6 6. h3 e6 7. Nf3 Be7 8. O-O O-O 9. Re1 a6 10. Nbd2 b5 11. a3 Rb8 12. Qe2 Re8 13. Ne5 Nxe5 14. dxe5 Nd7 15. Qh5 Nf8 16. Nf3 g6 17. Qg4 f5 18. exf6 Bxf6 19. Qg3 Rb7 20. Bf4 Kg7 21. h4 Qe7 22. h5 Qf7 23. hxg6 Nxg6 24. Ne5 Bxe5 25. Bxe5+ Kg8 26. Re3 Ree7 27. Rf3 Qe8 28. Re1 Rg7 29. Bxg7 Kxg7 30. Bxg6 hxg6 31. Qe5+ Kg8 32. Rh3 Rg7 33. Ree3 Qc6 34. Ref3 Bb7 35. Rh8+ Kxh8 36. Rf8+ 1-0

[Event "WSTCC-50 2024"]
[Site "Krakow"]
[Date "2024.07.10"]
[Round "8.8"]
[White "Serafim Junior, Arnor"]
[Black "Findlay, Ian T."]
[Result "1/2-1/2"]
[WhiteElo "1770"]
[BlackElo "2118"]
[Annotator "RC"]
[PlyCount "129"]
[EventDate "2024.07.01"]
[EventType "team-tourn"]
[EventCountry "POL"]
[SourceTitle "playchess.com"]
[Source "ChessBase"]
[SourceQuality "1"]

1. c4 e6 2. Nf3 d5 3. d4 Nf6 4. g3 Be7 5. Bg2 O-O 6. O-O dxc4 7. Ne5 c5 8. dxc5 Qc7 9. Nxc4 Bxc5 10. Be3 Bxe3 11. Nxe3 Nc6 12. Nc3 Rd8 13. Qc1 Bd7 14. b3 Nd4 15. Ned1 Rac8 16. Qb2 Bc6 17. e4 b5 18. b4 Qb7 19. Re1 Ng4 20. f4 f5 21. Rc1 Rd7 22. Nf2 Nf6 23. Ne2 Rcd8 24. Nxd4 Rxd4 25. Qb3 Kf7 26. Rc5 fxe4 27. Rec1 Rc4 28. R1xc4 bxc4 29. Qxc4 Bd5 30. Rc7+ Rd7 31. Rxb7 Bxc4 32. Rxd7+ Nxd7 33. Nxe4 Bxa2 34. Ng5+ Kg8 35. Bh3 Nf8 36. Kf2 h6 37. Ne4 Kf7 38. Nd6+ Kf6 39. Nc8 a6 40. Bf1 e5 41. fxe5+ Kxe5 42. Ke3 Nd7 43. Bxa6 Nf6 44. Nb6 Ng4+ 45. Kd3 Nxh2 46. Bc4 Bxc4+ 47. Nxc4+ Kd5 48. Ne3+ Kc6 49. Ke2 h5 50. Kf2 Kb5 51. Kg2 Ng4 52. Nxg4 hxg4 53. Kf2 Kxb4 54. Ke3 Kc5 55. Kf4 Kd6 56. Kxg4 Ke6 57. Kg5 Kf7 58. Kf5 Kg8 59. g4 Kf7 60. g5 g6+ 61. Ke5 Ke7 62. Kd5 Kd7 63. Ke5 Ke7 64. Kd5 Kd7 65. Ke4 1/2-1/2

[Event "WSTCC-50 2024"]
[Site "Krakow"]
[Date "2024.07.10"]
[Round "8.9"]
[White "David, Alberto"]
[Black "Buckley, Graeme N"]
[Result "1-0"]
[WhiteElo "2502"]
[BlackElo "2334"]
[Annotator "TA"]
[PlyCount "77"]
[EventDate "2024.07.01"]
[EventType "team-tourn"]
[EventCountry "POL"]
[SourceTitle "playchess.com"]
[Source "ChessBase"]
[SourceQuality "1"]

1. e4 c5 2. Nf3 Nc6 3. Bb5 g6 4. O-O Bg7 5. Bxc6 dxc6 6. d3 Nf6 7. Re1 O-O 8. h3 Ne8 9. e5 Nc7 10. a4 h6 11. Nbd2 Be6 12. b3 Qd7 13. Ne4 b6 14. a5 Nd5 15. Bb2 Nf4 16. Ra4 g5 17. h4 Bg4 18. hxg5 b5 19. Nxc5 Qf5 20. Rb4 hxg5 21. Ne4 Nd5 22. Ng3 Qd7 23. e6 Bxf3 24. Qxf3 fxe6 25. Qg4 Nxb4 26. Bxg7 Rf7 27. Bb2 Nxc2 28. Rxe6 Qxd3 29. Rh6 Rh7 30. Qe6+ Kf8 31. Rxh7 Qxh7 32. Nf5 Rd8 33. Bg7+ Qxg7 34. Nxg7 Rd1+ 35. Kh2 Rd6 36. Qf5+ Kxg7 37. Qxc2 a6 38. Qf5 Rg6 39. b4 1-0

[Event "WSTCC-50 2024"]
[Site "Krakow"]
[Date "2024.07.10"]
[Round "8.9"]
[White "Dahl, Fredrik A"]
[Black "Mitchell, Martin"]
[Result "1/2-1/2"]
[WhiteElo "2237"]
[BlackElo "2159"]
[Annotator "RC"]
[PlyCount "48"]
[EventDate "2024.07.01"]
[EventType "team-tourn"]
[EventCountry "POL"]
[SourceTitle "playchess.com"]
[Source "ChessBase"]
[SourceQuality "1"]

1. d4 Nf6 2. Nf3 e6 3. g3 c5 4. Bg2 cxd4 5. O-O d5 6. Nxd4 Be7 7. c4 O-O 8. cxd5 Nxd5 9. Nc3 Nxc3 10. bxc3 e5 11. Nb5 Qa5 12. c4 Nc6 13. Bd2 Bb4 14. Bxb4 Qxb4 15. Qb3 Qc5 16. e3 Be6 17. Rfc1 Rac8 18. Qa3 Qxa3 19. Nxa3 Rfd8 20. c5 Rd2 21. Nb5 Bxa2 22. Nd6 Rc7 23. Nxb7 Bd5 24. Bxd5 Rxd5 1/2-1/2

[Event "WSTCC-50 2024"]
[Site "Krakow"]
[Date "2024.07.10"]
[Round "8.9"]
[White "Homer, Stephen J"]
[Black "Rogowski, Jaroslaw"]
[Result "1/2-1/2"]
[WhiteElo "2019"]
[BlackElo "2149"]
[Annotator "NA RC"]
[PlyCount "61"]
[EventDate "2024.07.01"]
[EventType "team-tourn"]
[EventCountry "POL"]
[SourceTitle "playchess.com"]
[Source "ChessBase"]
[SourceQuality "1"]

1. e4 c5 2. Nf3 e6 3. d4 cxd4 4. Nxd4 a6 5. Bd3 Qc7 6. O-O Nf6 7. Qe2 d5 8. exd5 Nxd5 9. Be4 Nf6 10. Bf3 Bd6 11. g3 O-O 12. Re1 e5 13. Nb3 Bf5 14. Be3 Nbd7 15. N1d2 Rac8 16. Rac1 Rfe8 17. Bg2 e4 18. h3 h5 19. Nd4 Bg6 20. Bg5 Be5 21. N2b3 Nc5 22. Red1 Nxb3 23. Nxb3 Re6 24. c3 Rce8 25. Be3 Nd7 26. Rd5 Rd6 27. Rxd6 Bxd6 28. Rd1 Ne5 29. Rd4 f5 30. Bf4 Nf7 31. Qd2 1/2-1/2

[Event "WSTCC-50 2024"]
[Site "Krakow"]
[Date "2024.07.10"]
[Round "8.10"]
[White "Dishman, Stephen"]
[Black "Godena, Michele"]
[Result "1/2-1/2"]
[WhiteElo "2308"]
[BlackElo "2426"]
[Annotator "TA"]
[PlyCount "20"]
[EventDate "2024.07.01"]
[EventType "team-tourn"]
[EventCountry "POL"]
[SourceTitle "playchess.com"]
[Source "ChessBase"]
[SourceQuality "1"]

1. Nf3 d5 2. c4 dxc4 3. e3 Be6 4. Ng5 Bd7 5. Qf3 Nf6 6. Bxc4 e6 7. Qxb7 Nc6 8. Qb3 Na5 9. Qc3 Nxc4 10. Qxc4 Rb8 1/2-1/2

[Event "WSTCC-50 2024"]
[Site "Krakow"]
[Date "2024.07.10"]
[Round "8.10"]
[White "Ograbek, Grzegorz"]
[Black "Rasalingam, Haran"]
[Result "1/2-1/2"]
[WhiteElo "2063"]
[BlackElo "1944"]
[Annotator "NA RC"]
[PlyCount "130"]
[EventDate "2024.07.01"]
[EventType "team-tourn"]
[EventCountry "POL"]
[SourceTitle "playchess.com"]
[Source "ChessBase"]
[SourceQuality "1"]

1. d4 Nf6 2. c4 Nc6 3. Nc3 e5 4. d5 Ne7 5. Nf3 Ng6 6. h3 Bb4 7. Qb3 a5 8. Bd2 O-O 9. e3 d6 10. Qc2 c6 11. dxc6 bxc6 12. a3 Bc5 13. Be2 Be6 14. Rc1 Bb6 15. O-O Qd7 16. Ng5 Bf5 17. e4 Be6 18. Na4 Bd4 19. c5 Qe7 20. Nxe6 Qxe6 21. cxd6 Qxd6 22. b4 Nf4 23. Bc4 N6h5 24. Kh2 Qg6 25. g4 axb4 26. axb4 Nf6 27. f3 Qh6 28. Bxf4 Qxf4+ 29. Kg2 h5 30. Nc3 hxg4 31. fxg4 Qg5 32. Rf5 Qh4 33. Ne2 Ra3 34. Rh1 Nxg4 35. hxg4 Qxg4+ 36. Kf1 Ra1+ 37. Nc1 Be3 38. Be2 Rxc1+ 39. Qxc1 Qxe4 40. Rfh5 Qxh1+ 41. Rxh1 Bxc1 42. Bf3 Rb8 43. Ke2 Ba3 44. Bxc6 Rxb4 45. Ra1 Rb3 46. Bd5 Rb2+ 47. Kd3 Bc5 48. Rc1 Bd4 49. Rc8+ Kh7 50. Bxf7 Rf2 51. Bd5 Rf6 52. Be4+ Kh6 53. Rc7 Rf4 54. Rd7 Rh4 55. Rf7 Rg4 56. Bf3 Rg3 57. Ke4 Kg6 58. Rc7 Kf6 59. Rc6+ Kg5 60. Rc2 Rg1 61. Rg2+ Rxg2 62. Bxg2 Kg4 63. Bf3+ Kg5 64. Be2 Bb2 65. Bd1 Bd4 1/2-1/2

[Event "WSTCC-50 2024"]
[Site "Krakow"]
[Date "2024.07.10"]
[Round "8.10"]
[White "Hulme, William"]
[Black "Kirkebo, Carl Peter"]
[Result "0-1"]
[WhiteElo "1941"]
[BlackElo "2160"]
[Annotator "RC"]
[PlyCount "48"]
[EventDate "2024.07.01"]
[EventType "team-tourn"]
[EventCountry "POL"]
[SourceTitle "playchess.com"]
[Source "ChessBase"]
[SourceQuality "1"]

1. d4 Nf6 2. c4 e6 3. Nc3 Bb4 4. e3 O-O 5. Nge2 d5 6. a3 Bd6 7. c5 Be7 8. b4 b6 9. Nf4 c6 10. Bb2 Nbd7 11. Na4 bxc5 12. bxc5 Ne4 13. Be2 Qa5+ 14. Kf1 Rb8 15. Kg1 e5 16. Nd3 exd4 17. exd4 Ba6 18. Nb4 Bxe2 19. Qxe2 Qxa4 20. f3 a5 21. Nd3 Nef6 22. Qxe7 Rxb2 23. Nxb2 Qxd4+ 24. Kf1 Re8 0-1

[Event "WSTCC-50 2024"]
[Site "Krakow"]
[Date "2024.07.10"]
[Round "8.11"]
[White "Bellia, Fabrizio"]
[Black "Clark, Gary M"]
[Result "1-0"]
[WhiteElo "2401"]
[BlackElo "2299"]
[Annotator "TA"]
[PlyCount "66"]
[EventDate "2024.07.01"]
[EventType "team-tourn"]
[EventCountry "POL"]
[SourceTitle "playchess.com"]
[Source "ChessBase"]
[SourceQuality "1"]

1. e4 c5 2. Nf3 Nc6 3. Bb5 e6 4. Bxc6 bxc6 5. d3 Ne7 6. Nbd2 Ng6 7. h4 h5 8. e5 f6 9. Qe2 Nxe5 10. Nxe5 fxe5 11. Qxe5 Qf6 12. Qg3 Qf5 13. Nc4 Ba6 14. Nd6+ Bxd6 15. Qxd6 Qd5 16. Bf4 Qxd6 17. Bxd6 c4 18. dxc4 Bxc4 19. b3 Bd5 20. f3 e5 21. O-O-O Kf7 22. c4 Be6 23. Rhe1 Rhe8 24. Rxe5 g6 25. Rde1 Bf5 26. Re7+ Rxe7 27. Rxe7+ Kf6 28. Re5 a6 29. Kd2 Ra7 30. Re8 a5 31. a4 Kf7 32. Rb8 Ke6 33. c5 Kd5 1-0

[Event "WSTCC-50 2024"]
[Site "Krakow"]
[Date "2024.07.10"]
[Round "8.11"]
[White "Berg, Anders Hoyer"]
[Black "Aird, Ian"]
[Result "1/2-1/2"]
[WhiteElo "2079"]
[BlackElo "1840"]
[Annotator "NA RC"]
[PlyCount "65"]
[EventDate "2024.07.01"]
[EventType "team-tourn"]
[EventCountry "POL"]
[SourceTitle "playchess.com"]
[Source "ChessBase"]
[SourceQuality "1"]

1. e4 e5 2. Nf3 Nc6 3. Bc4 Nf6 4. d3 Bc5 5. Nc3 a6 6. a4 h6 7. O-O d6 8. h3 O-O 9. Re1 Re8 10. Be3 Bxe3 11. Rxe3 Be6 12. Bxe6 Rxe6 13. d4 Re8 14. d5 Ne7 15. Ne2 Ng6 16. g3 Rf8 17. c4 b6 18. Nc3 a5 19. Kg2 Nd7 20. h4 Nf6 21. Nh2 h5 22. Nf3 Qd7 23. Ng5 Qg4 24. Qxg4 Nxg4 25. Re2 Nf6 26. f3 Rfe8 27. Rf1 Re7 28. Re3 Rae8 29. Kh3 Nf8 30. Nd1 N6d7 31. Kg2 f6 32. Nh3 Nc5 33. b3 1/2-1/2

[Event "WSTCC-50 2024"]
[Site "Krakow"]
[Date "2024.07.10"]
[Round "8.11"]
[White "Wilson, Edgar"]
[Black "Czyz, Andrzej"]
[Result "1/2-1/2"]
[WhiteElo "1912"]
[BlackElo "1921"]
[Annotator "NA RC"]
[PlyCount "86"]
[EventDate "2024.07.01"]
[EventType "team-tourn"]
[EventCountry "POL"]
[SourceTitle "playchess.com"]
[Source "ChessBase"]
[SourceQuality "1"]

1. e4 d5 2. exd5 Qxd5 3. Nf3 Bg4 4. Be2 c6 5. d4 e6 6. O-O Nf6 7. c4 Qd6 8. Qb3 Qb4 9. Bd2 Qxb3 10. axb3 Na6 11. c5 Nc7 12. Na3 Nfd5 13. Nc4 Nb5 14. Nb6 Nxb6 15. cxb6 a6 16. Bxb5 Bxf3 17. Bxa6 Bd5 18. Bxb7 Rb8 19. Ra7 Bd6 20. Rc1 O-O 21. Ba5 Bf4 22. Rc5 Bd6 23. Rc3 e5 24. dxe5 Bxe5 25. Rc2 Rfd8 26. Kf1 Bxb3 27. Rxc6 Bxb2 28. Rc8 Rbxc8 29. Bxc8 Bc4+ 30. Ke1 Rxc8 31. b7 Re8+ 32. Kd1 Be5 33. Ra8 Rb8 34. Bc3 Bc7 35. Ba5 Bb3+ 36. Kc1 Bf4+ 37. Bd2 Bd5 38. Bxf4 Rxa8 39. bxa8=Q+ Bxa8 40. f3 f5 41. Kd2 Kf7 42. Ke3 Kf6 43. h4 g6 1/2-1/2

[Event "WSTCC-50 2024"]
[Site "Krakow"]
[Date "2024.07.10"]
[Round "8.12"]
[White "Duncan, Chris R"]
[Black "Ortega, Lexy"]
[Result "1/2-1/2"]
[WhiteElo "2156"]
[BlackElo "2386"]
[Annotator "RC"]
[PlyCount "70"]
[EventDate "2024.07.01"]
[EventType "team-tourn"]
[EventCountry "POL"]
[SourceTitle "playchess.com"]
[Source "ChessBase"]
[SourceQuality "1"]

1. Nf3 d5 2. d4 Nf6 3. c4 e6 4. Nc3 c6 5. Qb3 dxc4 6. Qxc4 b5 7. Qd3 Be7 8. e4 b4 9. Na4 Qa5 10. b3 Ba6 11. Qc2 Bxf1 12. Kxf1 Qb5+ 13. Kg1 Nbd7 14. Bb2 Rc8 15. Rc1 O-O 16. Nc5 Nxc5 17. dxc5 Rfd8 18. g3 Qd3 19. Qxd3 Rxd3 20. Bxf6 Bxf6 21. Kg2 Bc3 22. h4 Rcd8 23. Rc2 h6 24. Rcc1 a5 25. Rhf1 Kf8 26. Rh1 Ke7 27. Rhf1 h5 28. Rc2 f6 29. Rfc1 Rd1 30. Rxd1 Rxd1 31. Ng1 e5 32. Ne2 Rd2 33. Rxd2 Bxd2 34. Kf3 g5 35. g4 hxg4+ 1/2-1/2

[Event "WSTCC-50 2024"]
[Site "Krakow"]
[Date "2024.07.10"]
[Round "8.12"]
[White "Wielosz, Jaroslaw"]
[Black "Proudfoot, Andy"]
[Result "1-0"]
[WhiteElo "1920"]
[BlackElo "1607"]
[Annotator "NA RC"]
[PlyCount "41"]
[EventDate "2024.07.01"]
[EventType "team-tourn"]
[EventCountry "POL"]
[SourceTitle "playchess.com"]
[Source "ChessBase"]
[SourceQuality "1"]

1. c4 Nf6 2. Nc3 e6 3. e4 Bb4 4. e5 Ng8 5. Qg4 Bf8 6. d4 h5 7. Qd1 b6 8. Nf3 Bb7 9. Bd3 Na6 10. a3 c5 11. d5 Qc8 12. Ng5 Nh6 13. Qxh5 g6 14. Qf3 Bg7 15. Nge4 Bxe5 16. Bf4 Bb8 17. Nd6+ Bxd6 18. Bxd6 Nf5 19. Bxf5 gxf5 20. Qg3 Qd8 21. h4 1-0

[Event "WSTCC-50 2024"]
[Site "Krakow"]
[Date "2024.07.10"]
[Round "8.12"]
[White "Heatlie, Douglas S"]
[Black "Johnsen, Sylvia"]
[Result "0-1"]
[WhiteElo "1834"]
[BlackElo "1878"]
[Annotator "NA RC"]
[PlyCount "76"]
[EventDate "2024.07.01"]
[EventType "team-tourn"]
[EventCountry "POL"]
[SourceTitle "playchess.com"]
[Source "ChessBase"]
[SourceQuality "1"]

1. d4 d5 2. Nf3 Nf6 3. Bf4 c5 4. e3 Nc6 5. h3 e6 6. Nbd2 Bd6 7. Bg5 h6 8. Bxf6 Qxf6 9. c3 O-O 10. Be2 cxd4 11. cxd4 Bd7 12. a3 Rfc8 13. b4 a6 14. Nb3 b6 15. Bd3 a5 16. bxa5 Nxa5 17. Nxa5 bxa5 18. O-O a4 19. Qd2 Qe7 20. Ne5 Be8 21. f4 Bxa3 22. Bh7+ Kh8 23. Bc2 Bb4 24. Qd3 g6 25. Rfb1 Rc3 26. Qe2 a3 27. g4 Bd6 28. Bd3 Qc7 29. Kf2 Ba4 30. Kf3 Kg7 31. h4 Bc2 32. Bxc2 Rxc2 33. Qb5 a2 34. Rf1 Ra5 35. Qe8 Qe7 36. Qxe7 Bxe7 37. g5 hxg5 38. hxg5 Bb4 0-1

[Event "WSTCC-50 2024"]
[Site "Krakow"]
[Date "2024.07.10"]
[Round "8.13"]
[White "Adams, Michael"]
[Black "Schuster, Karsten"]
[Result "1-0"]
[WhiteElo "2670"]
[BlackElo "2307"]
[Annotator "TA"]
[PlyCount "95"]
[EventDate "2024.07.01"]
[EventType "team-tourn"]
[EventCountry "POL"]
[SourceTitle "playchess.com"]
[Source "ChessBase"]
[SourceQuality "1"]

1. e4 c6 2. d4 d5 3. e5 Bf5 4. h4 h5 5. Bd3 Bxd3 6. Qxd3 Qa5+ 7. Nd2 e6 8. Ngf3 Qa6 9. c4 Ne7 10. O-O Nf5 11. b3 Be7 12. a4 Qa5 13. Rd1 Na6 14. Nf1 Nxh4 15. Nxh4 Bxh4 16. Ba3 Qd8 17. cxd5 cxd5 18. b4 Nb8 19. b5 Be7 20. Bxe7 Qxe7 21. Rac1 O-O 22. Qh3 f6 23. Re1 Nd7 24. Rc7 Rf7 25. Rxb7 g6 26. Qg3 Kg7 27. exf6+ Qxf6 28. Nh2 Qxd4 29. Nf3 Qf6 30. Qd6 Nf8 31. Rxf7+ Kxf7 32. Ne5+ Kg8 33. Qc7 Qg7 34. Rc1 d4 35. Qd6 Qf6 36. Qxd4 Rd8 37. Qe3 Qh4 38. Qxa7 Qf4 39. Re1 Rd5 40. Nc6 Rd7 41. Qb8 Qxa4 42. Ne5 Rg7 43. b6 h4 44. Re3 Qb4 45. Rf3 Qb1+ 46. Kh2 Qb4 47. Ng4 Qe7 48. b7 1-0

[Event "WSTCC-50 2024"]
[Site "Krakow"]
[Date "2024.07.10"]
[Round "8.13"]
[White "Westphal, Wolfgang"]
[Black "Tsiganova, Monika"]
[Result "1/2-1/2"]
[WhiteElo "2172"]
[BlackElo "1999"]
[Annotator "RC"]
[PlyCount "27"]
[EventDate "2024.07.01"]
[EventType "team-tourn"]
[EventCountry "POL"]
[SourceTitle "playchess.com"]
[Source "ChessBase"]
[SourceQuality "1"]

1. e4 c5 2. Nf3 a6 3. c3 Nc6 4. d4 d5 5. exd5 Qxd5 6. Be2 Nf6 7. O-O e6 8. h3 Be7 9. Be3 cxd4 10. cxd4 O-O 11. Nc3 Qa5 12. a3 Nd5 13. Bd2 Qb6 14. Nxd5 1/2-1/2

[Event "WSTCC-50 2024"]
[Site "Krakow"]
[Date "2024.07.10"]
[Round "8.13"]
[White "Csonkics, Tunde"]
[Black "Skibbe, Diana"]
[Result "1/2-1/2"]
[WhiteElo "1995"]
[BlackElo "1942"]
[Annotator "NA RC"]
[PlyCount "41"]
[EventDate "2024.07.01"]
[EventType "team-tourn"]
[EventCountry "POL"]
[SourceTitle "playchess.com"]
[Source "ChessBase"]
[SourceQuality "1"]

1. Nf3 Nf6 2. g3 g6 3. Bg2 Bg7 4. c4 d6 5. d4 O-O 6. O-O Na6 7. Nc3 c5 8. d5 Bd7 9. Re1 Rb8 10. a4 Nb4 11. h3 Ne8 12. Ra3 h6 13. e4 e5 14. dxe6 Bxe6 15. Nd5 Bxd5 16. exd5 Nf6 17. Rae3 Re8 18. Bd2 Rxe3 19. Rxe3 a5 20. Kh2 Qd7 21. Bxb4 1/2-1/2

[Event "WSTCC-50 2024"]
[Site "Krakow"]
[Date "2024.07.10"]
[Round "8.14"]
[White "Grawe, Christian"]
[Black "Flear, Glenn C"]
[Result "1/2-1/2"]
[WhiteElo "2232"]
[BlackElo "2390"]
[Annotator "TA"]
[PlyCount "76"]
[EventDate "2024.07.01"]
[EventType "team-tourn"]
[EventCountry "POL"]
[SourceTitle "playchess.com"]
[Source "ChessBase"]
[SourceQuality "1"]

1. e4 e5 2. Nf3 Nc6 3. Bb5 Nge7 4. c3 d5 5. Nxe5 dxe4 6. Qe2 Qd5 7. Nxc6 Nxc6 8. f3 Bf5 9. O-O O-O-O 10. fxe4 Bxe4 11. d4 Bg6 12. Bf4 Qd7 13. Nd2 Bd6 14. Qf3 Bxf4 15. Qxf4 a6 16. Ba4 Kb8 17. Nf3 f6 18. Rfe1 Rhe8 19. b4 Rxe1+ 20. Rxe1 Qd5 21. Bb3 Qd7 22. Nd2 Re8 23. Rxe8+ Qxe8 24. Kf2 Bf7 25. Qe3 Qd7 26. Qe4 g6 27. Nf3 Bxb3 28. axb3 Qe7 29. Ke3 Kc8 30. d5 Ne5 31. Nxe5 fxe5 32. Qg4+ Kd8 33. Ke4 Qf6 34. Qe6 Qf4+ 35. Kd3 Qf1+ 36. Ke3 Qf4+ 37. Kd3 Qf1+ 38. Ke3 Qf4+ 1/2-1/2

[Event "WSTCC-50 2024"]
[Site "Krakow"]
[Date "2024.07.10"]
[Round "8.14"]
[White "Wolf, Sylvia"]
[Black "Horvath, Julia"]
[Result "1/2-1/2"]
[WhiteElo "1992"]
[BlackElo "2116"]
[Annotator "NA RC"]
[PlyCount "55"]
[EventDate "2024.07.01"]
[EventType "team-tourn"]
[EventCountry "POL"]
[SourceTitle "playchess.com"]
[Source "ChessBase"]
[SourceQuality "1"]

1. e4 e5 2. Nf3 Nc6 3. Bc4 Nf6 4. d3 Bc5 5. c3 d6 6. O-O O-O 7. Nbd2 a5 8. h3 Ne7 9. Re1 Ng6 10. Nf1 c6 11. Bb3 b5 12. d4 Bb6 13. Ng3 a4 14. Bc2 Qc7 15. Nf5 c5 16. Bg5 Ne8 17. Rc1 f6 18. Be3 Be6 19. d5 Bxf5 20. exf5 Ne7 21. Nh4 c4 22. Be4 Ra7 23. Bxb6 Qxb6 24. b3 axb3 25. axb3 Ra2 26. Rc2 cxb3 27. Rxa2 bxa2 28. Qb3 1/2-1/2

[Event "WSTCC-50 2024"]
[Site "Krakow"]
[Date "2024.07.10"]
[Round "8.14"]
[White "Narva, Regina"]
[Black "Dettmann, Gerd"]
[Result "1/2-1/2"]
[WhiteElo "1921"]
[BlackElo "2121"]
[Annotator "RC"]
[PlyCount "84"]
[EventDate "2024.07.01"]
[EventType "team-tourn"]
[EventCountry "POL"]
[SourceTitle "playchess.com"]
[Source "ChessBase"]
[SourceQuality "1"]

1. e4 c5 2. d4 cxd4 3. Qxd4 Nc6 4. Qd3 e6 5. Nc3 Nf6 6. Bf4 Bb4 7. Bd6 Qa5 8. O-O-O Bxd6 9. Qxd6 Qb4 10. Qxb4 Nxb4 11. Be2 Ke7 12. f4 Rd8 13. a3 Nc6 14. e5 Ne8 15. Nf3 d5 16. Nd4 Bd7 17. Rhf1 g6 18. Rf3 Nxd4 19. Rxd4 h5 20. Nd1 Rac8 21. Rc3 Ng7 22. Rxc8 Rxc8 23. Ne3 Rh8 24. Bf3 Rc8 25. Be2 b6 26. Kd2 f6 27. exf6+ Kxf6 28. c4 Bc6 29. cxd5 Bxd5 30. Nxd5+ exd5 31. Rxd5 Ne6 32. g3 Nc5 33. Rd6+ Kf5 34. Bd3+ Nxd3 35. Kxd3 Rc1 36. Rd5+ Kf6 37. Rd6+ Kf5 38. Rd5+ Kf6 39. Rg5 Rh1 40. h4 Rc1 41. Re5 Rg1 42. Rg5 Rc1 1/2-1/2

[Event "WSTCC-50 2024"]
[Site "Krakow"]
[Date "2024.07.10"]
[Round "8.15"]
[White "Arkell, Keith C"]
[Black "Pieper, Thomas"]
[Result "1-0"]
[WhiteElo "2375"]
[BlackElo "2170"]
[Annotator "TA"]
[PlyCount "75"]
[EventDate "2024.07.01"]
[EventType "team-tourn"]
[EventCountry "POL"]
[SourceTitle "playchess.com"]
[Source "ChessBase"]
[SourceQuality "1"]

1. c4 Nf6 2. Nc3 g6 3. Nf3 Bg7 4. d4 O-O 5. g3 d6 6. Bg2 c5 7. dxc5 dxc5 8. O-O Nc6 9. Bf4 Nh5 10. Be3 b6 11. Qc1 Bb7 12. Rd1 Qe8 13. Bh6 Rd8 14. Bxg7 Nxg7 15. Nd5 f6 16. Qc3 Qf7 17. a3 Nf5 18. e3 e6 19. Nf4 g5 20. Nd3 g4 21. Nd2 Ncd4 22. exd4 Nxd4 23. Re1 Bxg2 24. Kxg2 Qb7+ 25. Kg1 e5 26. b4 Ne6 27. Ne4 Rd4 28. f3 gxf3 29. Ndf2 f5 30. Nd2 e4 31. Nxf3 f4 32. Nxd4 cxd4 33. Qc2 e3 34. Qe4 exf2+ 35. Kxf2 fxg3+ 36. Kxg3 Qg7+ 37. Qg4 d3 38. Rxe6 1-0

[Event "WSTCC-50 2024"]
[Site "Krakow"]
[Date "2024.07.10"]
[Round "8.15"]
[White "Moritz, Hartmut"]
[Black "Fomina, Tatyana"]
[Result "1/2-1/2"]
[WhiteElo "2002"]
[BlackElo "2192"]
[Annotator "RC"]
[PlyCount "82"]
[EventDate "2024.07.01"]
[EventType "team-tourn"]
[EventCountry "POL"]
[SourceTitle "playchess.com"]
[Source "ChessBase"]
[SourceQuality "1"]

1. e4 c5 2. Nc3 Nc6 3. Bb5 Nd4 4. Bc4 e6 5. d3 a6 6. a4 Qc7 7. Nge2 Nf6 8. O-O Be7 9. f4 d6 10. Nxd4 cxd4 11. Ne2 Qc5 12. b4 Qxb4 13. e5 Nd7 14. Ba3 Qb6 15. Rb1 Qc7 16. Nxd4 dxe5 17. Bxe7 exd4 18. Ba3 b5 19. Ba2 Bb7 20. Qe2 Qc6 21. Rbe1 O-O-O 22. axb5 axb5 23. Be7 Rde8 24. Bb4 Nb6 25. c4 bxc4 26. Bxc4 Nxc4 27. Rc1 Ba6 28. dxc4 Bb7 29. Rf2 Rd8 30. Qb2 d3 31. Ba5 Rd7 32. Qxg7 Re8 33. Qxh7 f5 34. Qg6 Rd4 35. Re1 Re4 36. Rxe4 fxe4 37. Bd2 Rd8 38. f5 Qxc4 39. Qxe6+ Qxe6 40. fxe6 Re8 41. Rf6 Bd5 1/2-1/2